Central Library OPAC University of Rajshahi

A practical approach to business investment decisions / (Record no. 54023)

MARC details
000 -LEADER
fixed length control field 00843nam a2200265 a 4500
001 - CONTROL NUMBER
control field 54023
003 - CONTROL NUMBER IDENTIFIER
rucl marc code BD-RjUL
005 - DATE AND TIME OF LATEST TRANSACTION
control field 20211209080049.0
008 - FIXED-LENGTH DATA ELEMENTS--GENERAL INFORMATION
fixed length control field 161031s1979 enka|||| b||| 001 0 eng d
020 ## - INTERNATIONAL STANDARD BOOK NUMBER
International Standard Book Number 0333156250
035 ## - SYSTEM CONTROL NUMBER
System control number (BD-RjUL)54145
040 ## - CATALOGING SOURCE
Original cataloging agency BD-RjUL
Language of cataloging eng
Transcribing agency BD-RjUL
041 ## - LANGUAGE CODE
Language code of text/sound track or separate title eng
082 ## - DEWEY DECIMAL CLASSIFICATION NUMBER
Edition number 23
Classification number 658.152
Author mark and year BRP 1979
100 ## - MAIN ENTRY--PERSONAL NAME
Personal name Briston, Richard J.
9 (RLIN) 161311
245 12 - TITLE STATEMENT
Title A practical approach to business investment decisions /
Statement of responsibility, etc. R J Briston and Jack Liversidge
260 ## - PUBLICATION, DISTRIBUTION, ETC. (IMPRINT)
Place of publication, distribution, etc. London :
Name of publisher, distributor, etc. The Macmillan Press,
Date of publication, distribution, etc. 1979
300 ## - PHYSICAL DESCRIPTION
Pagination vii, 234 p. :
Illustrations ill. ;
Size 23 cm.
504 ## - BIBLIOGRAPHY, ETC. NOTE
Bibliography, etc Includes Bibliography and index
650 ## - SUBJECT ADDED ENTRY--TOPICAL TERM
Topical term or geographic name as entry element Capital investments
General subdivision Evaluation.
9 (RLIN) 161312
Topical term or geographic name as entry element Investitionsentscheidung
9 (RLIN) 161313
Topical term or geographic name as entry element Investitionspolitik
9 (RLIN) 161314
700 ## - ADDED ENTRY--PERSONAL NAME
Personal name Liversidge, Jack
942 ## - ADDED ENTRY ELEMENTS (KOHA)
Source of classification or shelving scheme Dewey Decimal Classification
Koha item type Books
Holdings
Lost status Source of classification or shelving scheme Damaged status Not for loan Collection code Permanent Location Current Location Shelving location Date acquired Source of acquisition Cost, normal purchase price Total Checkouts Full call number Date last seen Copy number Koha item type
  Dewey Decimal Classification     Non-fiction Central Library, University of Rajshahi Central Library, University of Rajshahi   28/12/1981 Heffer 12.00   658.152 BRP 1979 31/10/2016 C-2 Books
  Dewey Decimal Classification   Not For Loan Non-fiction Central Library, University of Rajshahi Central Library, University of Rajshahi Reading Room 28/12/1981 Heffer 12.00   658.152 BRP 1979 31/12/2016 C-1 Books
  Dewey Decimal Classification     Non-fiction Central Library, University of Rajshahi Central Library, University of Rajshahi   28/12/1981 Heffers 12.00   658.152 BRP 1979 29/06/2019 C-3 Books
  Dewey Decimal Classification     Non-fiction Central Library, University of Rajshahi Central Library, University of Rajshahi   28/12/1981 Heffers 12.00   658.152 BRP 1979 29/06/2019 C-4 Books